000 00368nam a2200145 i 4500
001 bg
245 0 _aAktinometrija, atmosfernaja optika, ozonometrija /
_cpod red. G. P. Guščina.
260 _aLeningrad,
_c1972.
700 1 _aGuščin, G. P.
_eRed.
040 _cBPK
041 _apol
080 _a551
942 _cKS
008 s pl f |000 0 pol
999 _c14708
_d14708
856 _uhttp://koha.tu.koszalin.pl/cgi-bin/koha/opac-detail.pl?biblionumber=14708
_yKatalog online BPK